| 000 | 00616cam a22002293a 4500 | ||
|---|---|---|---|
| 001 | 34656 | ||
| 003 | PGUSA | ||
| 005 | 20140828083740.0 | ||
| 008 | 101215s2010||||xxu|||||s|||||000 | eng d | ||
| 040 |
_aPGUSA _beng |
||
| 042 | _adc | ||
| 050 | 4 | _aB | |
| 100 | 1 |
_aJevons, F. B. _q(Frank Byron), _d1858-1936 |
|
| 245 | 1 | 0 |
_aEvolution _h[electronic resource] / _cF. B. Jevons |
| 260 |
_bProject Gutenberg, _c2010 |
||
| 506 | _aPublic domain in the USA. | ||
| 516 | _aElectronic text | ||
| 653 | _aEvolution | ||
| 830 | 0 |
_aProject Gutenberg _v34656 |
|
| 856 | 4 | 0 | _uhttp://www.gutenberg.org/ebooks/34656 |
| 942 | _cEB | ||
| 999 |
_c263911 _d263911 |
||